000 00632nam a2200193Ia 4500
008 240729s9999 xx 000 0 und d
022 _a2465-6089
245 0 _aSri Lanka Journal of Forensic Medicine, Science & Law
260 _aSri Lanka
260 _bUniversity of Peradeniya
650 _a Comparative law. International uniform law
650 _a Law in general. Comparative and uniform law. Jurisprudence
650 _a Medical legislation | Medicine
650 _a Public aspects of medicine
650 _aLaw
856 _uhttps://doaj.org/toc/74a6dfc04625480893d30bce8c59e623
942 _2ddc
942 _cDOAJEJ
999 _c69911
_d69911
945 _a1
_bMadushi Gamage
_c1
_dMadushi Gamage